MUSIKCHARTS: Deutsche TOP-100-Jahrescharts 1996 - Statistiken

Allgemein
  • Dieses Quiz wurde 94 mal gespielt
  • Das Durchschnittsergebnis liegt bei 38 aus 100
Antwortstatistiken
Platz Interpret Lied % Korrekt
7 Michael Jackson They Don't Care About Us
96%
13 Michael Jackson Earth Song
96%
15 Tic Tac Toe Ich find' dich scheiße
88%
58 Tic Tac Toe Verpiss' Dich
88%
88 Tic Tac Toe Funky
88%
12 Die Toten Hosen Zehn kleine Jägermeister
85%
10 Spice Girls Wannabe
85%
33 Blümchen Herz an Herz
83%
79 Blümchen Kleiner Satellit (Piep, Piep)
83%
87 Blümchen Boomerang
83%
80 Oasis Wonderwall
80%
16 Backstreet Boys Quit Playing Games (With My Heart)
79%
20 Backstreet Boys We've Got It Goin' On
79%
22 Backstreet Boys Get Down (You're The One For Me)
79%
32 Backstreet Boys I'll Never Break Your Heart
79%
73 Tina Turner GoldenEye
79%
14 Coolio feat. L.V. Gangsta's Paradise
76%
5 Fool's Garden Lemon Tree
76%
30 Stefan Raab Hier kommt die Maus
72%
17 Captain Jack Captain Jack
71%
34 Captain Jack Drill Instructor
71%
69 Captain Jack Soldier Soldier
71%
1 Fugees Killing Me Softly (With His Song)
69%
41 Fugees Fu-Gee-La
69%
54 Fugees Ready Or Not
69%
89 George Michael Jesus To A Child
68%
55 T»MA a.k.a. Falco Mutter, der Mann mit dem Koks ist da
61%
47 Fettes Brot Jein
60%
8 Mr. President Coco Jamboo
60%
43 Mr. President I Give You My Heart
60%
90 Queen You Don't Fool Me
60%
3 Los del Rio Macarena
55%
4 Faithless Insomnia
53%
37 Faithless Salva mea
53%
66 Take That How Deep Is Your Love
52%
50 2Pac feat. Dr. Dre California Love
51%
39 The Prodigy Firestarter
49%
40 Alanis Morissette Ironic
45%
2 Robert Miles Children
44%
49 Robert Miles Fable
44%
38 DJ BoBo Pray
40%
86 DJ BoBo Love Is The Price
40%
46 Eros Ramazzotti Più bella cosa
39%
59 Scooter Back In The U.K.
36%
60 Scooter I'm Raving
36%
83 Scooter Rebel Yell
36%
82 Bürger Lars Dietrich Sexy Eis
33%
24 Deep Blue Something Breakfast At Tiffany's
31%
9 No Mercy Where Do You Go
31%
94 No Mercy Missing (I Miss You Like The Deserts Miss The Rain)
31%
75 Boyzone Father And Son
28%
99 Boyzone Words
28%
65 Nick Cave & The Bad Seeds + Kylie Minogue Where The Wild Roses Grow
27%
52 Luniz I Got 5 On It
25%
31 Céline Dion Because You Loved Me
24%
6 The Kelly Family I Can't Help Myself (I Love You, I Want You)
24%
48 Dolls United feat. Jim Knopf & Lukas der Lokomotivführer Eine Insel mit zwei Bergen
21%
11 Everything But The Girl Missing
20%
27 OMC How Bizarre
20%
35 Peter Andre feat. Bubbler Ranx Mysterious Girl
20%
19 Babylon Zoo Spaceman
19%
72 Heike Makatsch Stand By Your Man
19%
26 Nas If I Ruled The World
19%
61 Culture Beat Crying In The Rain
16%
76 Culture Beat Inside Out
16%
93 Pet Shop Boys Se a vida é (That's The Way Life Is)
16%
44 Dune Who Wants To Live Forever
15%
92 Dune Hand In Hand
15%
100 Dune Rainbow To The Stars
15%
67 Joan Osborne One Of Us
15%
63 Whigfield Sexy Eyes
15%
95 Caught In The Act Don't Walk Away
13%
25 Mark Morrison Return Of The Mack
13%
36 Love Message Love Message
12%
23 RMB Spring
12%
70 RMB Reality
12%
81 Underworld Born Slippy
12%
18 B.B.E. Seven Days And One Week
11%
71 Bone Thugs-N-Harmony Tha Crossroads
9%
64 Fun Factory Doh Wah Diddy
9%
21 U 96 Heaven
9%
42 Adam Clayton & Larry Mullen Theme From Mission: Impossible
8%
29 X-Perience A Neverending Dream
8%
74 Donna Lewis I Love You Always Forever
7%
84 Masterboy Land Of Dreaming
7%
57 Mighty Dub Kats Magic Carpet Ride
7%
51 3T Anything
5%
91 Passengers Miss Sarajevo
5%
96 Sqeezer Blue Jeans
5%
45 Warren G feat. Adina Howard What's Love Got To Do With It
5%
97 Ghetto People feat. L-Viz In The Ghetto
4%
68 Heath Hunter & The Pleasure Company Revolution In Paradise
4%
62 Mark Snow The X-Files
4%
98 Skee-Lo I Wish
4%
28 Double Vision Knockin'
3%
53 Garcia Vamonos (Hey Chico Are You Ready)
3%
56 Gary Barlow Forever Love
3%
78 Zucchero Sugar Fornaciari My Love
3%
85 Down Low Vision Of Life
1%
77 Soultans Can't Take My Hands Off You
1%
Keine übereinstimmenden Quizze gefunden
Verteilung der Resultate
Anzahl Personen mit jedem Resultat
Perzentil nach korrekt beantworteten Fragen
Ihre Resultats-Entwicklung
Sie haben dieses Quiz noch nicht gespielt